Partes homogéneas en grafos e hipergrafos y conjuntos ordenados. comptes-rendus du Seminaire commun Mar del Plata - La Plata. parte I :

Guardado en:
Autor Corporativo: Seminaire commun Mar del Plata - La Plata
Formato: Libro
Idioma:Spanish
French
Publicado: Mar del Plata : Universidad Nacional de Mar del Plata, Facultad de Ciencias Exactas y Naturales, Departamento de Matemática, 1983.
Series:Matemática Mar del Plata ; nº 4
Etiquetas: Agregar Etiqueta
Sin Etiquetas, Sea el primero en etiquetar este registro!
LEADER 00900nam a22002055a 4500
001 MAT.inmabb004394
008 070309s1983####ag#######b####100#0#spa#d
005 20130218164545.0
245 1 0 |a Partes homogéneas en grafos e hipergrafos y conjuntos ordenados.  |n parte I :  |b comptes-rendus du Seminaire commun Mar del Plata - La Plata. 
260 |a Mar del Plata :  |b Universidad Nacional de Mar del Plata, Facultad de Ciencias Exactas y Naturales, Departamento de Matemática,  |c 1983. 
300 |a 1 v., varias paginaciones ;  |c 28 cm. 
440 0 |a Matemática Mar del Plata ;  |v nº 4 
500 |a Título de la cubierta. 
546 |a Textos en español o francés. 
504 |a Incluye referencias bibliográficas. 
510 4 |a MR,  |c 86j:06002 
111 2 |a Seminaire commun Mar del Plata - La Plata  |d (1983) 
084 |a 06-06 (05-06)  |2 msc2000 
041 0 |a spa  |a fre 
859 |h 06  |i Se471  |p A-5601  |v 1  |b BIB. MATEMATICA